Star Wars Characters- ROTS - Statistics

General Stats
  • This quiz has been taken 113 times
  • The average score is 20 of 26
Answer Stats
Hint Answer % Correct
The Chosen One's Master Obi-Wan Kenobi
100%
The Chosen One's Wife Padme Amidala
100%
The Chosen One Anakin Skywalker
99%
Jedi Grand Master Yoda
99%
Jedi w/ Purple Lightsaber Mace Windu
98%
Chancellor Sheev Palpatine
98%
Wookie Warrior Chewbacca
93%
Protocol Droid C-3PO
92%
Astromech Droid R2-D2
92%
Clone Commander (Kenobi) Commander Cody
91%
Darth Sidious' Apprentice Count Dooku
91%
Jedi w/ Mask Plo Koon
86%
Jedi w/ Tall Head Ki-Adi Mundi
85%
Leader of the Separatist Army General Grievous
84%
Senator for Alderaan Bail Organa
80%
Jedi who Smiles Kit Fisto
75%
Gave Power to the Emperor Jar Jar Binks
65%
Trade Federation Leader Nute Gunray
65%
Clone Commander (Yoda) Commander Gree
57%
Clone Commander (Secura) Commander Bly
52%
Archduke of Geonosis Poggle the Lesser
50%
Techno Union Foreman Wat Tambor
50%
Chief of the Wookies Chief Tarfful
48%
Clone Commander (Mundi) Commander Bacara
39%
Clone Commander (Allie) Commander Neyo
36%
Clone Captain (Koon) Captain Jag
27%
No matching quizzes found
Score Distribution
Percent of People with Each Score
Percentile by Number Answered
Your Score History
You have not taken this quiz